00558nam a2200193Ia 4500008004100000050001100041050001500052100002500067245006600092245002500158260003100183260001000214260001000224300001600234300002000250300001100270500005600281521002700337160517s9999 xx 000 0 und d aHD 28  b.M722 2016 aMolina, Anjellica D. aCouture management system for ADG event planner station co. / cAnjellica D. Molina. aLas Piñas, Philippines : bSISC, c2016. a135 pages : billustrations ; c28 cm. aIncludes bibliographical references and appendices. aInformation Technology